000 00990nam a22002897a 4500
003 DO-SdBNP
005 20240904131711.0
008 161129b 1999 sp a 00| 0 spa d
020 _a9788437223476
040 _aBPMSU
_bspa
_cBPMSU
082 4 _a823.8
_bA596b 1999
_222
100 1 _aAnholt, Laurence
_d1959-
245 1 _aBlancanieves y los siete alienígenas /
_cLaurence Anholt ; ilustraciones Arthur Robins ; traducción Carlo Frabetti
246 1 4 _5Blancanieves y los 7 alienígenas
260 _aMadrid :
_bAltea,
_c1999.
300 _a61 p. :
_bil., ;
_c20 cm.
490 0 _aHistorias de siempre contadas como nunca
490 1 _aHistorias increibles
590 _aInventariado, 2024/VM
650 4 _aCuentos infantiles ingleses
650 4 _aCantantes de rock
_vCuentos infantiles
700 1 _aRobins, Arthur,
_eil.
_4
700 1 _aFrabetti, Carlo,
_d1945-
_etraductor
830 0 _aHistorias increibles
910 _aVMateo V. Control de calidad. BPMSU
942 _2ddc
_cBK
999 _c12187
_d12187